000 00445nam a22001457a 4500
082 _a621.39
100 _aRaja, Hina
245 _aByte Systolic Fully Parallel AES Architecture /
_cHina Raja
260 _aIslamabad :
_bCEME - NUST,
_c2013.
300 _a75 p. ;
_c30cm.
650 _aComputer Engineering-MS-Thesis
_916083
700 _aDr. Shoab Ahmed Khan
_916053
942 _2ddc
_cTHE
999 _c536449
_d536449